01142nam a2200253 a 4500001001000000005001700010008004100027041000800068044000700076084002000083100004500103245008500148260003800233300001900271500016800290500004600458500013700504500001000641650005200651650005600703650003400759650004500793740005000838BRCA_265020190320203916.0011208s1881----sp-#---###---#000-0#spa-u aspa asp a195b.T37c18811 aCervantes Saavedra, Miguel ded1547-161610aEl Ingenioso Hidalgo Don Quijote de la Manchacpor Miguel de Cervantes Saavedra. aBarcelonabLuis Tasso Serrac1881 a372 p.c22 cm. aContenido : Primera parte. Dedicatoria del autor. Prólogo del autor. Versos preliminares. Texto. Segunda parte. Dedicatoria del autor. Prólogo del autor. Texto aEdición : Primera edición económica aEdición de surtido. Impresión hecha con letra pequeña y metida. Semipiel; lomera decorada con filetes dorados Lúdovik Osterc aQM18514aNovela españolayÉpoca clásica, 1500-170014aLiteratura españolayÉpoca clásica, 1500-170014aNovela españolaySiglo XVII14aDon Quijote (Personaje ficticio)eNovela0 aEl Ingenioso Hidalgo Don Quijote de la Mancha